[Event "Turkish Cup 2016"]
[Site "Manavgat TUR"]
[Date "2016.02.02"]
[Round "5.27"]
[White "Bal, Enes Emre"]
[Black "Camci, Ali Ammar"]
[Result "0-1"]
[WhiteElo "1978"]
[BlackElo "2074"]
[WhiteTeam "KARAMAN"]
[BlackTeam "SAKARYA"]
[WhiteFideId "6325866"]
[BlackFideId "6305130"]
[EventDate "2016.01.30"]

1. d4 Nf6 2. Nf3 e6 3. c4 b6 4. g3 Bb7 5. Bg2 Bb4+ 6. Bd2 Qe7 7. a3 Bxd2+ 8.
Nbxd2 O-O 9. Qc2 c5 10. dxc5 bxc5 11. O-O Nc6 12. e3 a5 13. b3 Rfd8 14. Rac1 h6
15. Rfd1 d6 16. Nb1 Ng4 17. Nc3 Nce5 18. Nxe5 Nxe5 19. f4 Ng4 20. Re1 Rab8 21.
e4 e5 22. f5 Qg5 23. Qe2 h5 24. h3 Nf6 25. Kh2 Bc6 26. Rb1 Rb6 27. a4 Rb4 28.
Qc2 Rdb8 29. Nb5 Bxb5 30. axb5 Ra8 31. Ra1 h4 32. g4 Qf4+ 33. Kh1 Qg3 34. Reb1
Nh7 35. Bf1 Ng5 36. Qg2 Qe3 37. Re1 Qxb3 38. Qf2 Nxh3 39. Bxh3 Qxh3+ 40. Qh2
Qxg4 41. Rg1 Qxe4+ 42. Qg2 Rxc4 43. Qxe4 Rxe4 44. Rgd1 Rd4 45. Rdb1 a4 46. Kg2
Rb4 47. Rd1 a3 48. Rxd6 a2 49. Rd2 Rxb5 0-1

[Event "Turkish Cup 2016"]
[Site "Manavgat TUR"]
[Date "2016.02.02"]
[Round "5.28"]
[White "Oner, Oguz"]
[Black "Ozalp, Burak"]
[Result "0-1"]
[WhiteElo "1858"]
[BlackElo "2131"]
[WhiteTeam "MERSIN"]
[BlackTeam "ANKARA"]
[WhiteFideId "6329330"]
[BlackFideId "6314210"]
[EventDate "2016.01.30"]

1. d4 Nf6 2. c4 g6 3. Nc3 Bg7 4. e4 d6 5. f3 O-O 6. Be3 c5 7. Nge2 Nc6 8. d5 Ne5
9. Ng3 h5 10. Be2 h4 11. Nf1 e6 12. Nd2 exd5 13. cxd5 a6 14. a4 h3 15. g4 Bxg4
16. Rg1 Bd7 17. Bg5 Qb6 18. f4 c4 19. Rg3 Nfg4 20. Qc2 Qf2+ 21. Kd1 Qxg3 22.
hxg3 Ne3+ 23. Kc1 h2 24. Kb1 h1=Q+ 25. Qc1 Qxc1+ 26. Kxc1 Nd3+ 27. Kb1 b5 28. f5
Nxf5 29. Bxd3 cxd3 30. exf5 Bxf5 31. axb5 axb5 32. Be7 Rxa1+ 33. Kxa1 Ra8+ 34.
Kb1 Bh6 35. Nce4 Ra4 36. Nf6+ Kh8 37. b3 Bxd2 0-1

[Event "Turkish Cup 2016"]
[Site "Manavgat TUR"]
[Date "2016.02.02"]
[Round "5.29"]
[White "Gundogan, Cem"]
[Black "Aytekin, Murat Eren"]
[Result "0-1"]
[WhiteElo "2076"]
[BlackElo "1830"]
[WhiteTeam "KOCAELI"]
[BlackTeam "GIRESUN"]
[WhiteFideId "6311032"]
[BlackFideId "6388000"]
[EventDate "2016.01.30"]

1. e4 c5 2. Bc4 e6 3. Qe2 Nc6 4. c3 g6 5. Bb3 Bg7 6. h4 h5 7. d3 d6 8. Bg5 Qc7
9. Nd2 Nf6 10. Ngf3 Ng4 11. Nh2 Nxh2 12. Rxh2 d5 13. f4 f6 14. exd5 Nd8 15. dxe6
fxg5 16. Qe4 Qe7 17. Qxg6+ Kf8 18. Qf5+ Kg8 19. hxg5 Bxe6 20. O-O-O Bxb3 21.
axb3 Qe6 22. Qxc5 Rc8 23. Qb4 a5 24. Qxa5 Nc6 25. Qa4 Nd4 26. Kb1 Qe2 27. Rhh1
Qxd3+ 28. Ka2 Ne2 29. Ne4 Qc2 30. Rd7 Bxc3 31. Rd8+ Rxd8 32. Qc4+ Kf8 33. Qc5+
Kg7 34. Qe7+ Kg6 35. Qe6+ Kg7 36. Qe7+ Kg6 37. f5+ Kxf5 38. Rf1+ Nf4 39. Qf7+
Kxe4 40. Rxf4+ Ke3 41. Rf3+ Kd4 42. Qc4+ Ke5 43. Re3+ Kf5 44. Qe6+ Kxg5 45. Rg3+
Kf4 46. Rf3+ Kg5 47. Qe7+ Kh6 48. Qe3+ Kh7 49. Rf7+ Bg7 0-1

[Event "Turkish Cup 2016"]
[Site "Manavgat TUR"]
[Date "2016.02.02"]
[Round "5.30"]
[White "Aktas, Ilker"]
[Black "Afyoncu, Omer"]
[Result "1-0"]
[WhiteElo "1892"]
[BlackElo "2037"]
[WhiteTeam "MALATYA"]
[BlackTeam "ANKARA"]
[WhiteFideId "6306152"]
[BlackFideId "6305989"]
[EventDate "2016.01.30"]

1. e4 c5 2. Nf3 Nc6 3. d4 cxd4 4. Nxd4 Qc7 5. Nc3 e6 6. Be3 a6 7. Qd2 Nf6 8.
O-O-O Be7 9. f3 b5 10. Bd3 O-O 11. g4 b4 12. Nce2 Bb7 13. g5 Ne8 14. Kb1 Na5 15.
Nb3 d5 16. Nxa5 Qxa5 17. Nd4 Qc7 18. e5 Qc8 19. f4 g6 20. h4 Ng7 21. h5 Bc5 22.
Qh2 gxh5 23. Be2 Rd8 24. Bxh5 Kf8 25. Bg4 Bxd4 26. Bxd4 Ke7 27. Qxh7 Rg8 28. g6
fxg6 29. Qxg6 Qe8 30. Qf6+ Kd7 31. Rh7 Qe7 32. Bxe6+ Qxe6 33. Rxg7+ Rxg7 34.
Qxg7+ Kc6 35. Rg1 1-0

[Event "Turkish Cup 2016"]
[Site "Manavgat TUR"]
[Date "2016.02.02"]
[Round "5.31"]
[White "Temizkan, Denizcan"]
[Black "Aysoy, Veysi"]
[Result "1-0"]
[WhiteTitle "FM"]
[WhiteElo "2002"]
[BlackElo "1898"]
[WhiteTeam "HATAY"]
[BlackTeam "BITLIS"]
[WhiteFideId "6325157"]
[BlackFideId "6306071"]
[EventDate "2016.01.30"]

1. d4 Nf6 2. Nf3 d5 3. c4 g6 4. Nc3 Bg7 5. Bf4 O-O 6. e3 c5 7. dxc5 Ne4 8. Rc1
Nxc3 9. bxc3 Qa5 10. cxd5 Nd7 11. Qb3 Qxc5 12. e4 Qa5 13. Be2 Nc5 14. Qc2 Bd7
15. Bd2 e6 16. c4 Qa3 17. e5 exd5 18. cxd5 Rac8 19. O-O Bf5 20. Qc3 Qxa2 21. Bc4
Qa4 22. Ra1 Qd7 23. Rxa7 Ne4 24. Qd4 Qc7 25. Bb3 Nxd2 26. Qxd2 Qb6 27. Ra3 Bg4
28. Re1 Rfe8 29. Ba4 Red8 30. h3 Qc5 31. Rd3 Bxf3 32. gxf3 b5 33. Bb3 Qe7 34.
Qf4 Qf8 35. Qg4 h5 36. Qe4 Kh7 37. f4 b4 38. f5 Rc3 39. Rxc3 bxc3 40. Bc2 Qe8
41. Kh1 Rb8 42. e6 fxe6 43. fxg6+ Kg8 44. dxe6 Qe7 45. Rd1 Rf8 46. Rd7 Qg5 47.
e7 Re8 48. Rd8 Rxd8 49. e8=Q+ 1-0

[Event "Turkish Cup 2016"]
[Site "Manavgat TUR"]
[Date "2016.02.02"]
[Round "5.32"]
[White "Uygun, Umut Unal"]
[Black "Akdogan, Alperen"]
[Result "0-1"]
[WhiteElo "1980"]
[BlackElo "2114"]
[WhiteTeam "ANTALYA"]
[BlackTeam "ISTANBUL"]
[WhiteFideId "6367135"]
[BlackFideId "6347363"]
[EventDate "2016.01.30"]

1. d4 Nf6 2. Nf3 e6 3. c4 c5 4. d5 b5 5. Bg5 exd5 6. cxd5 d6 7. e4 a6 8. a4 b4
9. Nbd2 Be7 10. Bc4 O-O 11. O-O Bb7 12. Bxf6 Bxf6 13. Qc2 Nd7 14. Bd3 g6 15. Nc4
Qc7 16. Rfe1 Rfe8 17. Nfd2 Ne5 18. Nxe5 Bxe5 19. Nc4 Bd4 20. Kh1 Rad8 21. Re2
Kg7 22. f3 h5 23. Rae1 Bc8 24. Qd2 Qe7 25. Rf1 Qf6 26. Nb6 Bb7 27. b3 Bc3 28.
Qe3 h4 29. Qf2 Bd4 30. Qe1 Be5 31. Nc4 Bf4 32. Qf2 Rh8 33. Rc2 Rh5 34. Be2 Rdh8
35. h3 Qg5 36. Rd1 Qe7 37. Bd3 Re8 38. Re2 Qd8 39. Ne3 Bc8 40. Ng4 Rhh8 41. Ne3
Qg5 42. Nf1 Re7 43. Rc2 Rhe8 44. Re2 Be5 45. Rc2 f5 46. exf5 gxf5 47. Qd2 Qxd2
48. Rcxd2 Bf4 49. Rb2 Re5 50. Bc4 Bb7 51. Kg1 R5e7 52. Kf2 Be5 53. Rbd2 Bc3 54.
Rd3 Re2+ 55. Kg1 Kf6 56. Rxc3 bxc3 57. Bxe2 Rxe2 58. Rc1 c2 59. Nh2 Bxd5 0-1

[Event "Turkish Cup 2016"]
[Site "Manavgat TUR"]
[Date "2016.02.02"]
[Round "5.33"]
[White "Ceylan, Imamettin"]
[Black "Sahin, Ozgun"]
[Result "0-1"]
[WhiteElo "1956"]
[BlackElo "2085"]
[WhiteTeam "SIIRT"]
[BlackTeam "BURDUR"]
[WhiteFideId "6306136"]
[BlackFideId "6328121"]
[EventDate "2016.01.30"]

1. d4 g6 2. e3 Bg7 3. Bd3 d6 4. c3 Nc6 5. Ne2 e5 6. Bb5 Bd7 7. O-O Nf6 8. Ng3
O-O 9. e4 exd4 10. cxd4 Ng4 11. Bxc6 bxc6 12. f3 Nf6 13. Bg5 Qb8 14. Rf2 Qb5 15.
Be3 Rfe8 16. Nc3 Qc4 17. Rc1 Qa6 18. b3 Qa5 19. Qd2 h5 20. h3 h4 21. Nf1 Qh5 22.
Ne2 a5 23. a4 Reb8 24. Nf4 Qh7 25. Rc3 g5 26. Ne2 g4 27. hxg4 Re8 28. Qd3 Rab8
29. Nf4 Bxg4 30. fxg4 Nxe4 31. Rf3 Nxc3 32. Qxc3 c5 33. Nh5 Re4 34. Qxa5 Rxg4
35. Qxc7 Rf8 36. Nh2 Qxh5 37. Nxg4 Qxg4 38. dxc5 h3 39. Rf2 Qd1+ 40. Kh2 Be5+
41. Bf4 Qd4 42. Kg3 Qe3+ 43. Rf3 Bxf4+ 44. Kxh3 Qe6+ 45. g4 Qh6+ 46. Kg2 Qh2+
47. Kf1 Re8 0-1

[Event "Turkish Cup 2016"]
[Site "Manavgat TUR"]
[Date "2016.02.02"]
[Round "5.34"]
[White "Esen, Nejdet"]
[Black "Guven, Oguz Kagan"]
[Result "1-0"]
[WhiteElo "2058"]
[BlackElo "1854"]
[WhiteTeam "YALOVA"]
[BlackTeam "IZMIR"]
[WhiteFideId "6305644"]
[BlackFideId "6325297"]
[EventDate "2016.01.30"]

1. e4 c5 2. Nf3 d6 3. d4 cxd4 4. Nxd4 Nf6 5. Nc3 a6 6. Bg5 e6 7. f4 Nbd7 8. Qf3
Qc7 9. O-O-O Be7 10. g4 h6 11. Bxf6 Bxf6 12. h4 b5 13. Bg2 Bb7 14. g5 Bxd4 15.
Rxd4 O-O-O 16. Rhd1 hxg5 17. hxg5 Nb6 18. a4 bxa4 19. Nxa4 d5 20. Nxb6+ Qxb6 21.
exd5 Bxd5 22. Qc3+ Qc7 23. Qxc7+ Kxc7 24. Bxd5 Rxd5 25. Rxd5 exd5 26. Rxd5 g6
27. Re5 Kd6 28. Ra5 Ra8 29. b4 Kc6 30. b5+ Kc5 31. Rxa6 Rf8 32. Rf6 Kxb5 33. f5
gxf5 34. g6 Kc5 35. Rxf5+ Kd6 36. gxf7 Ke7 37. Kd2 Rd8+ 38. Ke3 Kf8 39. c4 Rc8
40. c5 Rd8 41. Ke4 Rd1 42. Ke5 Re1+ 43. Kd6 Rd1+ 44. Kc7 Rc1 45. c6 Rd1 46. Kc8
Rc1 47. c7 Rb1 48. Kd7 Rd1+ 49. Kc6 1-0

[Event "Turkish Cup 2016"]
[Site "Manavgat TUR"]
[Date "2016.02.02"]
[Round "5.35"]
[White "Ozenir, Ekin Baris"]
[Black "Celik, Berkay"]
[Result "1-0"]
[WhiteTitle "CM"]
[WhiteElo "2097"]
[BlackElo "1814"]
[WhiteTeam "MERSIN"]
[BlackTeam "DUZCE"]
[WhiteFideId "6357415"]
[BlackFideId "6337848"]
[EventDate "2016.01.30"]

1. d4 g6 2. c4 Bg7 3. Nc3 d6 4. e4 Nd7 5. Be3 e5 6. d5 Ne7 7. f3 O-O 8. Qd2 f5
9. Bd3 Nf6 10. Nge2 f4 11. Bf2 h5 12. h4 Nh7 13. b4 a5 14. Qb2 b6 15. a3 Kh8 16.
Kd2 Ng8 17. c5 Rf7 18. cxb6 cxb6 19. Na4 Rb7 20. Bb5 Rab8 21. Bc6 Rc7 22. bxa5
Rxc6 23. dxc6 d5 24. Bxb6 Qd6 25. Qb4 Qxc6 26. Rac1 Qe6 27. Nc5 Qf7 28. Nc3 Ne7
29. Qb3 Nf6 30. Ke2 Nc6 31. Qa2 Bf8 32. Nxd5 Be6 33. Nxe6 Qxe6 34. Nb4 Qxa2+ 35.
Nxa2 Nxa5 36. Bxa5 Rb2+ 37. Bd2 Rxa2 38. Rc8 Kg7 39. Rhc1 Kf7 40. R1c7+ Be7 41.
Ra7 Ne8 42. Kd1 Rxa3 43. Rxa3 Bxa3 44. Bc3 Bd6 45. Kc2 Nc7 46. Bb4 Bxb4 47.
Rxc7+ Ke6 48. Rc6+ Kf7 49. Kb3 Be1 50. Kc4 Bxh4 51. Kd5 Bf6 52. Rc7+ Kg8 53. Ke6
Bg7 54. Rc8+ Kh7 55. Kf7 g5 56. Rg8 Bh6 57. Rg6 h4 58. Rg8 g4 59. Rxg4 1-0

[Event "Turkish Cup 2016"]
[Site "Manavgat TUR"]
[Date "2016.02.02"]
[Round "5.36"]
[White "Kucukdogerli, Murat Can"]
[Black "Olcum, Ahmet"]
[Result "1-0"]
[WhiteElo "1888"]
[BlackElo "2013"]
[WhiteTeam "ANKARA"]
[BlackTeam "KARAMAN"]
[WhiteFideId "6341071"]
[BlackFideId "6311393"]
[EventDate "2016.01.30"]

1. e4 g6 2. Nc3 Bg7 3. d3 c5 4. Be3 d6 5. Qd2 Nc6 6. g3 e5 7. Bg2 Be6 8. Nd5
Bxd5 9. exd5 Nce7 10. Ne2 Nf6 11. c4 Ng4 12. O-O O-O 13. Bh3 Nxe3 14. fxe3 Bh6
15. Nc3 f5 16. Qe2 g5 17. Rab1 Qd7 18. Qh5 Rf6 19. e4 g4 20. Bxg4 Be3+ 21. Kg2
Qc7 22. Bxf5 Nxf5 23. Rxf5 Rh6 24. Qf3 Bd2 25. Rf1 Qg7 26. Rf7 1-0

[Event "Turkish Cup 2016"]
[Site "Manavgat TUR"]
[Date "2016.02.02"]
[Round "5.37"]
[White "Okus, Melih"]
[Black "Benk, Tolga Tugay"]
[Result "1-0"]
[WhiteElo "2013"]
[BlackElo "1863"]
[WhiteTeam "IZMIR"]
[BlackTeam "KARAMAN"]
[WhiteFideId "6305407"]
[BlackFideId "6309488"]
[EventDate "2016.01.30"]

1. e4 c6 2. Nc3 d5 3. Nf3 Bg4 4. h3 Bxf3 5. Qxf3 e6 6. g4 Nd7 7. Bg2 Qc7 8. d3
Bc5 9. Bd2 Ne7 10. O-O-O Rf8 11. Rhe1 O-O-O 12. exd5 cxd5 13. d4 Bb4 14. Kb1
Bxc3 15. Qxc3 Qxc3 16. Bxc3 Nc6 17. f4 Nb6 18. b3 Kd7 19. a4 f5 20. a5 Nc8 21.
a6 b5 22. gxf5 Rxf5 23. Bf1 Nd6 24. Bd2 Rb8 25. Kb2 g6 26. c3 Rb6 27. Bd3 Rh5
28. Be2 Rf5 29. Bd3 Rf6 30. Ra1 Ne7 31. h4 h5 32. f5 exf5 33. Bg5 Re6 34. Re5
Rxe5 35. dxe5 Nc4+ 36. bxc4 bxc4+ 37. Kc2 cxd3+ 38. Kxd3 Nc6 39. Be3 Rb5 40. Kc2
Ke6 41. Rg1 Nxe5 42. Bxa7 Ra5 43. Bd4 Kd6 44. a7 f4 45. c4 dxc4 46. Ra1 Rxa7 47.
Bxe5+ Kxe5 48. Rxa7 Kf5 49. Kd2 Kg4 50. Rf7 Kxh4 51. Rxf4+ Kg3 52. Rxc4 h4 53.
Ke2 h3 54. Kf1 g5 55. Kg1 g4 56. Rc3+ 1-0

[Event "Turkish Cup 2016"]
[Site "Manavgat TUR"]
[Date "2016.02.02"]
[Round "5.38"]
[White "Kilic, Ihsan"]
[Black "Ibik, Halit Yavuz"]
[Result "0-1"]
[WhiteElo "2061"]
[BlackElo "1843"]
[WhiteTeam "MERSIN"]
[BlackTeam "ANKARA"]
[WhiteFideId "6305334"]
[BlackFideId "6336108"]
[EventDate "2016.01.30"]

1. d4 d5 2. Bf4 Nf6 3. e3 c5 4. c3 Nc6 5. Bd3 e6 6. Nf3 c4 7. Bc2 Bd6 8. Nbd2
Qc7 9. Bxd6 Qxd6 10. Ba4 O-O 11. O-O a6 12. Bxc6 bxc6 13. Ne5 Nd7 14. f4 f6 15.
Nxd7 Bxd7 16. Nf3 Be8 17. Nh4 Rb8 18. b4 cxb3 19. axb3 c5 20. Kh1 Rb6 21. Qc2
Rf7 22. Nf3 Rfb7 23. dxc5 Qxc5 24. Nd4 e5 25. b4 Qc7 26. fxe5 fxe5 27. Nb3 Bb5
28. Rf5 Rh6 29. e4 Rb8 30. Nc5 Qe7 31. exd5 Qh4 32. g3 Qxg3 33. Rg1 Qh4 34. Rxe5
Rf8 35. Re4 Qh5 36. c4 Be8 37. Ne6 Bg6 38. Rxg6 Rxg6 39. Nf4 Qf3+ 0-1

[Event "Turkish Cup 2016"]
[Site "Manavgat TUR"]
[Date "2016.02.02"]
[Round "5.40"]
[White "Pektas, Yigit"]
[Black "Samani, Yamac"]
[Result "1/2-1/2"]
[WhiteElo "1815"]
[BlackElo "2076"]
[WhiteTeam "ANTALYA"]
[BlackTeam "K.K.T.C."]
[WhiteFideId "6367046"]
[BlackFideId "6352634"]
[EventDate "2016.01.30"]

1. d4 Nf6 2. c4 e6 3. Nf3 d5 4. g3 Bb4+ 5. Bd2 Bd6 6. Bg2 c6 7. Qc2 Nbd7 8. O-O
Ne4 9. Nc3 Ndf6 10. c5 Bc7 11. Bf4 Bxf4 12. gxf4 Nxc3 13. Qxc3 Ne4 14. Qd3 O-O
15. b4 f6 16. Rfd1 Bd7 17. Nd2 Nxd2 18. Rxd2 Qc7 19. Qg3 a5 20. Rb2 b5 21. e4
axb4 22. Rxb4 Qa5 23. Rb2 Qa3 24. Rb3 Qa4 25. Qd3 Rfd8 26. f5 dxe4 27. Bxe4 exf5
28. Bxf5 Bxf5 29. Qxf5 Qxd4 30. Re1 Qd5 31. Qe6+ Qxe6 32. Rxe6 Rac8 33. Re7 Re8
34. Rd7 Rcd8 35. Rc7 Rc8 1/2-1/2

[Event "Turkish Cup 2016"]
[Site "Manavgat TUR"]
[Date "2016.02.02"]
[Round "5.41"]
[White "Karaoglan, Kivanc"]
[Black "Kerem, Halil Ozgun"]
[Result "1/2-1/2"]
[WhiteElo "1982"]
[BlackElo "1848"]
[WhiteTeam "KAHRAMANMARAS"]
[BlackTeam "KARAMAN"]
[WhiteFideId "6329152"]
[BlackFideId "6348475"]
[EventDate "2016.01.30"]

1. d4 Nf6 2. Nf3 g6 3. c4 Bg7 4. g3 O-O 5. Bg2 d6 6. O-O Nc6 7. Nc3 a6 8. b3 Rb8
9. Bb2 b5 10. cxb5 axb5 11. Ne1 Bd7 12. Nc2 b4 13. Nd5 Nxd5 14. Bxd5 Na5 15. Qd2
c5 16. Ne3 e6 17. Bg2 Bb5 18. Rfd1 Qe7 19. dxc5 dxc5 20. Bxg7 Kxg7 21. Rac1 Rbc8
22. Qb2+ Qf6 23. Qxf6+ Kxf6 24. Rd2 c4 25. bxc4 Nxc4 26. Nxc4 Rxc4 27. Rxc4 Bxc4
28. Rd4 Bxa2 29. Rxb4 e5 30. Rb6+ Kg7 31. f4 exf4 32. gxf4 f5 33. Kf2 Bf7 34.
Rb7 Kf6 35. Rb6+ Kg7 36. Rb7 Kf6 1/2-1/2

[Event "Turkish Cup 2016"]
[Site "Manavgat TUR"]
[Date "2016.02.02"]
[Round "5.42"]
[White "Akkok, Durdu"]
[Black "Yilmaz, Goktan"]
[Result "0-1"]
[WhiteElo "1834"]
[BlackElo "1990"]
[WhiteTeam "KAHRAMANMARAS"]
[BlackTeam "ANKARA"]
[WhiteFideId "6319173"]
[BlackFideId "6354904"]
[EventDate "2016.01.30"]

1. e4 c5 2. Nf3 d6 3. d4 cxd4 4. Nxd4 Nf6 5. Nc3 a6 6. Bc4 e6 7. Bb3 b5 8. f3
Nbd7 9. Be3 Nc5 10. Qd2 Bb7 11. O-O-O Be7 12. Kb1 Rc8 13. g4 Nfd7 14. g5 Ne5 15.
h4 Nxb3 16. cxb3 b4 17. Nce2 Nxf3 18. Nxf3 Bxe4+ 19. Ka1 Bxf3 20. Rhf1 Bxe2 21.
Qxe2 O-O 22. Qg4 a5 23. h5 Rc2 24. g6 f5 25. gxh7+ Kh8 26. Qg3 e5 27. Bc1 f4 28.
Qg6 Rh2 29. Rg1 Bf6 30. Rh1 Rxh1 31. Rxh1 Qe8 32. Qd3 Qc6 33. Rg1 Rc8 34. Kb1 e4
35. Qd2 Bd4 36. Qg2 Bxg1 37. Bxf4 e3 0-1

[Event "Turkish Cup 2016"]
[Site "Manavgat TUR"]
[Date "2016.02.02"]
[Round "5.43"]
[White "Percin, Baris"]
[Black "Alper, Metin"]
[Result "1/2-1/2"]
[WhiteElo "1799"]
[BlackElo "1959"]
[WhiteTeam "HATAY"]
[BlackTeam "KARAMAN"]
[WhiteFideId "6345174"]
[BlackFideId "6302238"]
[EventDate "2016.01.30"]

1. e4 d5 2. exd5 Nf6 3. d4 Nxd5 4. Nf3 g6 5. Be2 Bg7 6. c3 O-O 7. O-O h6 8. Na3
Nc6 9. Nc4 Nb6 10. Bf4 Bg4 11. Nfe5 Nxe5 12. Nxe5 Bxe2 13. Qxe2 Nd7 14. Qb5 Nxe5
15. dxe5 Qc8 16. Rad1 c6 17. Qb4 Re8 18. Rd2 b6 19. Rfd1 Qe6 20. Qa4 a5 21. Qd4
c5 22. Qd5 Qf5 1/2-1/2

[Event "Turkish Cup 2016"]
[Site "Manavgat TUR"]
[Date "2016.02.02"]
[Round "5.44"]
[White "Yokus, Kadir Geylani"]
[Black "Eryigit, Yakup"]
[Result "1/2-1/2"]
[WhiteElo "1824"]
[BlackElo "1941"]
[WhiteTeam "BURSA"]
[BlackTeam "BURDUR"]
[WhiteFideId "6395660"]
[BlackFideId "6340660"]
[EventDate "2016.01.30"]

1. e4 c5 2. Nc3 Nc6 3. Bc4 g6 4. f4 Bg7 5. Nf3 e6 6. O-O Nge7 7. d3 d5 8. Bb3
O-O 9. a4 Nd4 10. Nxd4 cxd4 11. Nb1 dxe4 12. dxe4 b6 13. Nd2 Bb7 14. Qe2 Kh8 15.
Nf3 Qc7 16. Bd2 a5 17. Qf2 Bxe4 18. Nxd4 Rad8 19. Nb5 Qb7 20. Bc3 Bxc3 21. Nxc3
Bc6 22. Rad1 Nf5 23. Rfe1 h5 24. Nb5 Rxd1 25. Rxd1 Bxg2 26. Nd6 Nxd6 27. Rxd6
Bc6 28. Qd2 Kh7 29. Qd4 Qc7 30. c3 Ba8 31. Qxb6 Qe7 32. Rd2 Qh4 33. Qf2 Qg4+ 34.
Qg3 Qf5 35. Bc2 Qc5+ 36. Rd4 Rd8 37. Qg5 Rd5 38. Qf6 Qa7 39. Kf1 Rxd4 40. cxd4
Qb7 41. Be4 1/2-1/2

[Event "Turkish Cup 2016"]
[Site "Manavgat TUR"]
[Date "2016.02.02"]
[Round "5.45"]
[White "Cubukcu, Berkin"]
[Black "Agdelen, Huseyin Can"]
[Result "1-0"]
[WhiteElo "1753"]
[BlackElo "1992"]
[WhiteTeam "ANKARA"]
[BlackTeam "K.K.T.C."]
[WhiteFideId "6351190"]
[BlackFideId "6352260"]
[EventDate "2016.01.30"]

1. e4 e6 2. d4 d5 3. exd5 exd5 4. Bd3 Bd6 5. Nf3 Ne7 6. c3 Nbc6 7. h3 h6 8. Qc2
Be6 9. Nbd2 Qd7 10. b3 O-O-O 11. Bb2 Ng6 12. g3 Kb8 13. h4 Qe7 14. O-O-O Qf6 15.
Rdf1 Rhe8 16. h5 Nge7 17. Rh4 Nf5 18. Rh2 Bxg3 19. fxg3 Ne3 20. Ne5 Nxf1 21.
Nxc6+ bxc6 22. Nxf1 Bg4 23. Qf2 Qg5+ 24. Kc2 Rd6 25. Bc1 Qd8 26. Qf4 Bc8 27. Qh4
Rf6 28. Bf4 Bf5 29. Bxf5 Rxf5 30. Qxd8+ Rxd8 31. Ne3 Rf6 32. Be5 Rf3 33. Bf4 g6
34. hxg6 fxg6 35. Rxh6 Re8 36. Kd3 g5 37. Be5 c5 38. Rc6 cxd4 39. cxd4 g4 40.
Rg6 Rf2 41. Rxg4 Rxa2 42. Nxd5 Ra3 43. Kc3 Rf8 44. Rf4 Rg8 45. Rf7 1-0

[Event "Turkish Cup 2016"]
[Site "Manavgat TUR"]
[Date "2016.02.02"]
[Round "5.47"]
[White "Yavic, Adnan"]
[Black "Percin, Onder"]
[Result "0-1"]
[WhiteElo "1678"]
[BlackElo "1944"]
[WhiteTeam "VAN"]
[BlackTeam "HATAY"]
[WhiteFideId "6306020"]
[BlackFideId "6345190"]
[EventDate "2016.01.30"]

1. e4 e5 2. Nf3 Nc6 3. Bc4 Nf6 4. Nc3 Nxe4 5. Bxf7+ Kxf7 6. Nxe4 d5 7. Neg5+ Kg8
8. d3 h6 9. Nh3 Bd6 10. c3 Qf6 11. Nhg1 Be6 12. Ne2 Kh7 13. Be3 Rhf8 14. Qa4 Qg6
15. O-O-O Qxg2 16. Nd2 Qg4 17. Nd4 exd4 18. cxd4 Qf5 19. Nf1 Nb4 20. Qb3 a5 21.
Ng3 Qg6 22. a3 a4 23. Qxb4 Bxb4 24. axb4 a3 25. f4 Bg4 26. f5 Qc6+ 0-1

[Event "Turkish Cup 2016"]
[Site "Manavgat TUR"]
[Date "2016.02.02"]
[Round "6.1"]
[White "Haznedaroglu, Kivanc"]
[Black "Firat, Burak"]
[Result "1/2-1/2"]
[WhiteTitle "GM"]
[BlackTitle "IM"]
[WhiteElo "2467"]
[BlackElo "2452"]
[WhiteTeam "MANISA"]
[BlackTeam "ISTANBUL"]
[WhiteFideId "6300634"]
[BlackFideId "6305881"]
[EventDate "2016.01.30"]

1. e4 c5 2. c3 d5 3. exd5 Qxd5 4. d4 Nf6 5. Nf3 e6 6. Na3 a6 7. Nc2 Nc6 8. Be2
cxd4 9. Ncxd4 Nxd4 10. Qxd4 Bc5 11. Qxd5 Nxd5 12. Bd2 b5 13. b4 Be7 14. a4 Bf6
15. Ra3 Rb8 16. axb5 axb5 17. O-O O-O 18. Ne1 Rd8 19. Nd3 e5 20. Rd1 Bf5 21. g4
Bxd3 22. Bxd3 e4 23. Be2 Rbc8 24. Be1 Rb8 25. Ra5 Nxc3 26. Rxd8+ Rxd8 27. Bxc3
Bxc3 28. Rxb5 h5 29. Rb7 hxg4 30. Bc4 Kh7 31. Rxf7 Bxb4 32. Rf4 Rf8 33. Rxf8 1/2-1/2

[Event "Turkish Cup 2016"]
[Site "Manavgat TUR"]
[Date "2016.02.02"]
[Round "6.2"]
[White "Yilmazyerli, Mert"]
[Black "Baglan, Esat"]
[Result "1-0"]
[WhiteTitle "IM"]
[BlackTitle "FM"]
[WhiteElo "2438"]
[BlackElo "2238"]
[WhiteTeam "KAYSERI"]
[BlackTeam "ISTANBUL"]
[WhiteFideId "6305962"]
[BlackFideId "6309216"]
[EventDate "2016.01.30"]

1. Nf3 d5 2. g3 g6 3. Bg2 Bg7 4. c4 dxc4 5. Qa4+ Nc6 6. O-O e5 7. Nxe5 Bxe5 8.
Bxc6+ bxc6 9. Qxc6+ Bd7 10. Qe4 f6 11. f4 Bf5 12. Qc6+ Bd7 13. Qe4 Bf5 14. Qe3
Nh6 15. fxe5 Ng4 16. Qc5 Nxe5 17. Nc3 Qe7 18. Qxe7+ Kxe7 19. b3 Rhd8 20. bxc4
Nxc4 21. d3 Ne5 22. Be3 a6 23. Rab1 Nxd3 24. g4 Bxg4 25. exd3 Rxd3 26. Bc5+ Kf7
27. Ne4 Bf5 28. Ng3 Rxg3+ 29. hxg3 Bxb1 30. Rxb1 Rd8 31. Rb7 Rd1+ 32. Kf2 Rd2+
33. Kf3 Rxa2 34. Rxc7+ Ke6 35. Rxh7 g5 36. Be3 Ra3 37. Rg7 a5 38. g4 Rb3 39. Ke4
Rb5 40. Bd4 Rb1 41. Ra7 Rf1 42. Be3 Ra1 43. Ra6+ Ke7 44. Bc5+ 1-0

[Event "Turkish Cup 2016"]
[Site "Manavgat TUR"]
[Date "2016.02.02"]
[Round "6.3"]
[White "Demircioglu, Emre"]
[Black "Erdogdu, Mert"]
[Result "1/2-1/2"]
[BlackTitle "IM"]
[WhiteElo "2207"]
[BlackElo "2438"]
[WhiteTeam "ISTANBUL"]
[BlackTeam "ISTANBUL"]
[WhiteFideId "6301878"]
[BlackFideId "6301495"]
[EventDate "2016.01.30"]

1. d4 Nf6 2. Nf3 e6 3. c4 d5 4. Nc3 dxc4 5. e3 a6 6. a4 b6 7. Bxc4 Bb7 8. O-O
Bb4 9. Qe2 O-O 10. Rd1 Qe7 11. Ne5 Nbd7 12. Nxd7 Qxd7 13. f3 Qe7 14. e4 e5 1/2-1/2

[Event "Turkish Cup 2016"]
[Site "Manavgat TUR"]
[Date "2016.02.02"]
[Round "6.5"]
[White "Marasli, Tutku Kahraman"]
[Black "Arat, Ufuk Sezen"]
[Result "0-1"]
[BlackTitle "IM"]
[WhiteElo "2145"]
[BlackElo "2421"]
[WhiteTeam "KAYSERI"]
[BlackTeam "ISTANBUL"]
[WhiteFideId "6307493"]
[BlackFideId "6309089"]
[EventDate "2016.01.30"]

1. e4 c6 2. d4 d5 3. Nc3 dxe4 4. Nxe4 Nf6 5. Nxf6+ gxf6 6. Be2 Rg8 7. Bf3 Nd7 8.
Qd3 Rg6 9. h4 f5 10. h5 Rd6 11. Qxf5 Nf6 12. Qc5 e5 13. Bg5 Rd5 14. Qc4 e4 15.
Bxf6 Qxf6 16. Bxe4 Rxd4 17. Qe2 Be6 18. c3 Rd7 19. Nf3 O-O-O 20. O-O Bg4 21.
Rfd1 Bxh5 22. Rxd7 Rxd7 23. Rd1 Bd6 24. Rd4 Re7 25. Qd3 Kc7 26. Nd2 Bc5 27. Qg3+
Qe5 28. Rd3 Qxg3 29. Rxg3 Bg6 30. b4 Bd6 31. Bxg6 Re1+ 32. Nf1 Bxg3 33. Bxf7 Be5
34. c4 Bd4 35. Bh5 Ra1 36. b5 Rxa2 37. Ne3 Bxe3 38. fxe3 cxb5 39. cxb5 Rb2 40.
Be8 Re2 0-1